| Tag |
First Indicator |
Second Indicator |
Subfields |
| LEADER |
00000cam a2200000 i 4500 |
| 001 |
in00001046521 |
| 005 |
20150929092043.0 |
| 008 |
800321n1924 txu 00010 eng c |
| 035 |
|
|
|a (OCoLC)06113530
|
| 035 |
|
|
|9 AFM1444AM
|
| 040 |
|
|
|a Library, U.S. Office of Education
|c NIE
|d m.c.
|d IKM
|d UtOrBLW
|
| 049 |
|
|
|a IKMd
|
| 090 |
|
|
|a LB2851
|b .T28 1924
|
| 099 |
|
|
|a E500.7
|a B936
|a 186
|
| 245 |
0 |
0 |
|a Text book regulations containing the laws governing the State text book commission, The state text book law, the rules for the care and distribution of books, and a list of the state adopted books /
|c S.M.N. Marrs, L.S. Thrift.
|
| 264 |
|
1 |
|a [Austin, Tex.] :
|b Department of Education,
|c 1924.
|
| 300 |
|
|
|a 33 pages ;
|c 22 cm.
|
| 336 |
|
|
|a text
|b txt
|2 rdacontent
|
| 337 |
|
|
|a unmediated
|b n
|2 rdamedia
|
| 338 |
|
|
|a volume
|b nc
|2 rdacarrier
|
| 490 |
1 |
|
|a Bulletin / Department of Education ;
|v 186
|
| 500 |
|
|
|a "September, 1924."
|
| 650 |
|
0 |
|a Textbooks
|z Texas.
|
| 700 |
1 |
|
|a Marrs, S. M. N.
|
| 710 |
1 |
|
|a Texas.
|b State Department of Education.
|
| 830 |
|
0 |
|a Bulletin (Texas. State Department of Education) ;
|v 186.
|
| 999 |
|
|
|a MARS
|
| 999 |
f |
f |
|s 3fcd1efb-d791-344b-aff5-bed07b10ca56
|i 9e30a867-bd3c-393d-bf22-fb0d1d7f59aa
|t 0
|
| 952 |
f |
f |
|p normal
|a Texas A&M University
|b College Station
|c Sterling C. Evans Library
|d Evans: Texas Documents (Annex 5th floor)
|t 0
|e E500.7 B936 no. 180-189
|h Superintendent of Documents classification
|i unmediated -- volume
|m A14832416674
|
| 952 |
f |
f |
|a Texas A&M University
|b College Station
|c Sterling C. Evans Library
|d Evans: Texas Documents (Annex 5th floor)
|t 0
|e E500.7 B936 no. 180-189
|h Superintendent of Documents classification
|
| 998 |
f |
f |
|a E500.7 B936 no. 180-189
|t 0
|l Evans: Texas Documents (Annex 5th floor)
|